Manuale di disinformazione. I media come arma impropria: metodi, tecniche, strumenti per la distruzione della realtà (Record n. 89693)
[ formato base ]
| 000 -LEADER | |
|---|---|
| fixed length control field | 01677nam a2200313Ia 4500 |
| 001 - CONTROL NUMBER | |
| control field | D5115 |
| 003 - CONTROL NUMBER IDENTIFIER | |
| control field | IT-RoPAU |
| 008 - FIXED-LENGTH DATA ELEMENTS--GENERAL INFORMATION | |
| fixed length control field | 130308s9999 xx 000 0 und d |
| 040 ## - CATALOGING SOURCE | |
| Original cataloging agency | IT-RoPAU |
| 040 ## - CATALOGING SOURCE | |
| Transcribing agency | IT-RoPAU |
| 041 ## - LANGUAGE CODE | |
| Language code of text/sound track or separate title | ITALIANO |
| 100 ## - MAIN ENTRY--PERSONAL NAME | |
| Personal name | Ballardini Bruno |
| 100 ## - MAIN ENTRY--PERSONAL NAME | |
| Miscellaneous information | Codice Aut. SPICS: 23312 |
| 245 ## - TITLE STATEMENT | |
| Title | Manuale di disinformazione. I media come arma impropria: metodi, tecniche, strumenti per la distruzione della realtà |
| 245 ## - TITLE STATEMENT | |
| Remainder of title | Manuale di Disinformazione. I Media Come Arma Impropria: Metodi, Tecniche, Strumenti per la Distruzione della Realta' |
| 250 ## - EDITION STATEMENT | |
| Edition statement | 1a ed. |
| 260 ## - PUBLICATION, DISTRIBUTION, ETC. (IMPRINT) | |
| Place of publication, distribution, etc. | ROMA |
| 260 ## - PUBLICATION, DISTRIBUTION, ETC. (IMPRINT) | |
| Name of publisher, distributor, etc. | Castelvecchi |
| 260 ## - PUBLICATION, DISTRIBUTION, ETC. (IMPRINT) | |
| Date of publication, distribution, etc. | 1995 [1° Ed.:1995 - Ed.Ling.Originale:1995] |
| 300 ## - PHYSICAL DESCRIPTION | |
| Extent | "188 p. (prefazione: no ; testo: 188)" |
| 500 ## - GENERAL NOTE | |
| General note | Disinformazione Altra faccia dell'Informazione. Disinformazione Anima della Propaganda, dell'ideologia e dei Mass Media. Ma Puo' Essere Anche Strumento utile per combattere Il nemico Sul suo Stesso Terreno. nel Saggio Introduttivo l'autore presenta Tecniche e strategie della Disinformazione Come Sono State Utilizzate nel Passato. presenta Poi Alcuni contributi di Esperti Sull'Argomento, Sul futuro della Disinformazione. chiude Il Volume un suo Saggio Sulle Azioni psicologiche nella Guerriglia: Guerrigliero Combattente Propagandista, propaganda Armata, Squadre di propaganda Armata, Sviluppo e Controllo delle Organizzazioni del Fronte, Controllo delle concentrazioni Edelle Riunioni di Massa. |
| 650 ## - SUBJECT ADDED ENTRY--TOPICAL TERM | |
| Topical term or geographic name as entry element | SAGGI DI COMUNICAZIONE SOCIALE |
| 650 ## - SUBJECT ADDED ENTRY--TOPICAL TERM | |
| Relator term | Codice materia Spics: 3807 |
| 700 ## - ADDED ENTRY--PERSONAL NAME | |
| Personal name | AA.VV. |
| 700 ## - ADDED ENTRY--PERSONAL NAME | |
| Miscellaneous information | Codice Aut. SPICS: 12000 |
| 942 ## - ADDED ENTRY ELEMENTS (KOHA) | |
| Koha item type | LIBRO |
| 957 ## - | |
| -- | 1 |
| 999 ## - SYSTEM CONTROL NUMBERS (KOHA) | |
| -- | 1 |
| Withdrawn status | Lost status | Damaged status | Not for loan | Home library | Current library | Date acquired | Total Checkouts | Full call number | Date last seen | Price effective from | Koha item type | Public note |
|---|---|---|---|---|---|---|---|---|---|---|---|---|
| Buone Condizioni | Not For Loan | SPICS-MEDIATECA | SPICS-MEDIATECA | 08/03/2013 | D5115 | 08/03/2013 | 08/03/2013 | LIBRO | Progressivo inserimento: 16355 / N. Volumi: 1 Copie: 1 / data import: 1 marzo 2013 - By Epidotti, Trombetti, Vaglietti. |